Dataset Restricted Access
NCAC/RDD
<?xml version='1.0' encoding='UTF-8'?>
<record xmlns="http://www.loc.gov/MARC21/slim">
<leader>00000nmm##2200000uu#4500</leader>
<datafield tag="520" ind1=" " ind2=" ">
<subfield code="a"><ul>
<li>Foundation and settlement of Gunjur</li>
<li>Kaabiila on Gunjur</li>
<li>Expansion beyond Gunjur</li>
<li>History of towns in Kombo</li>
</ul>
<p><em><sup>Alternative names: Jatta, Alhagi, Alhagie, Alhajie, Ibraima, Ibrima, Ebraima, Ebrima, Sanyang</sup></em></p></subfield>
</datafield>
<datafield tag="100" ind1=" " ind2=" ">
<subfield code="a">NCAC/RDD</subfield>
<subfield code="u">National Centre for Arts and Culture, The Gambia</subfield>
</datafield>
<datafield tag="650" ind1="1" ind2=" ">
<subfield code="a">Foundation and settlement of Gunjur</subfield>
<subfield code="0">(url)https://schema.org/about</subfield>
</datafield>
<datafield tag="650" ind1="1" ind2=" ">
<subfield code="a">Kaabiila in Gunjur</subfield>
<subfield code="0">(url)https://schema.org/about</subfield>
</datafield>
<datafield tag="650" ind1="1" ind2=" ">
<subfield code="a">Expansion beyond Gunjur</subfield>
<subfield code="0">(url)https://schema.org/about</subfield>
</datafield>
<datafield tag="650" ind1="1" ind2=" ">
<subfield code="a">History of towns in Kombo</subfield>
<subfield code="0">(url)https://schema.org/about</subfield>
</datafield>
<datafield tag="650" ind1="1" ind2=" ">
<subfield code="a">Mandinka</subfield>
<subfield code="0">(url)http://skos.um.es/unescothes/C01429</subfield>
</datafield>
<datafield tag="650" ind1="1" ind2=" ">
<subfield code="a">26.03.1981</subfield>
<subfield code="0">(url)https://schema.org/dateCreated</subfield>
</datafield>
<datafield tag="650" ind1="1" ind2=" ">
<subfield code="a">GM: Gunjur 1</subfield>
<subfield code="0">(url)https://schema.org/locationCreated</subfield>
</datafield>
<datafield tag="650" ind1="1" ind2=" ">
<subfield code="a">Senegambia</subfield>
<subfield code="0">(url)https://schema.org/contentLocation</subfield>
</datafield>
<datafield tag="650" ind1="1" ind2=" ">
<subfield code="a">Saanyang, D.T.</subfield>
<subfield code="0">(url)https://schema.org/producer</subfield>
</datafield>
<datafield tag="650" ind1="1" ind2=" ">
<subfield code="a">Williams, Ongatu</subfield>
<subfield code="0">(url)https://schema.org/producer</subfield>
</datafield>
<datafield tag="650" ind1="1" ind2=" ">
<subfield code="a">Interview</subfield>
<subfield code="0">(url)https://schema.org/genre</subfield>
</datafield>
<datafield tag="980" ind1=" " ind2=" ">
<subfield code="a">dataset</subfield>
</datafield>
<controlfield tag="001">12487</controlfield>
<datafield tag="773" ind1=" " ind2=" ">
<subfield code="a">10.25592/uhhfdm.12486</subfield>
<subfield code="i">isVersionOf</subfield>
<subfield code="n">doi</subfield>
</datafield>
<datafield tag="024" ind1=" " ind2=" ">
<subfield code="a">10.25592/uhhfdm.12487</subfield>
<subfield code="2">doi</subfield>
</datafield>
<datafield tag="909" ind1="C" ind2="O">
<subfield code="o">oai:fdr.uni-hamburg.de:12487</subfield>
<subfield code="p">user-ncac</subfield>
</datafield>
<datafield tag="500" ind1=" " ind2=" ">
<subfield code="a">Published by NCAC - National Digital Archive of The Gambia, initiated by University of Hamburg, Asia-Africa-Institute, Germany, funded by Gerda Henkel Foundation, Germany</subfield>
</datafield>
<datafield tag="980" ind1=" " ind2=" ">
<subfield code="a">user-ncac</subfield>
</datafield>
<datafield tag="245" ind1=" " ind2=" ">
<subfield code="a">An Interview About The History of Gunjur in Kombo (NCAC_RDD_TAPE_0824A)</subfield>
</datafield>
<datafield tag="260" ind1=" " ind2=" ">
<subfield code="c">2023-06-07</subfield>
</datafield>
<datafield tag="700" ind1=" " ind2=" ">
<subfield code="a">Jaata, Alhaji Ibrayima</subfield>
<subfield code="u">Contributor</subfield>
<subfield code="4">oth</subfield>
</datafield>
<datafield tag="542" ind1=" " ind2=" ">
<subfield code="l">restricted</subfield>
</datafield>
<controlfield tag="005">20250220145655.0</controlfield>
<datafield tag="041" ind1=" " ind2=" ">
<subfield code="a">mnk</subfield>
</datafield>
</record>